00436 2200169 4500001002100000008004100021035002000062245002900082100001800111260004700129300001300176020001800189084001400207082000800221650001800229990001900247INLIS000000000001520 ind  a0010-0724001520 aAnak BarucJasmine Jones aJasmine Jones aJakarta :bPT Gramedia Pustaka Utamac2004 a160 hlm. a979-22-0876-3 a823 LIZ a a823 aFiksi Inggris aP29/CP/24/1520